000 00667nam a2200217 a 4500
005 20210223120820.0
008 991125s1978 mx 000 0 spa u
020 _a968230248X
035 _aUPN01000007676
049 _aCG
050 4 _aHB3711
_bP3.3 1978
100 1 _aPadilla Aragón, Enrique,
_d1917-1984
_929804
245 1 0 _aCiclos económicos y política de estabilización /
_cpor Enrique Padilla Aragón.
250 _a3a ed.
260 _aMéxico :
_bSiglo XXI,
_c1978.
300 _a333 p.
440 3 _aEl mundo del hombre : economía y demografía
650 4 _aCICLOS ECONOMICOS
_99642
650 4 _aESTABILIZACION ECONOMICA
_923076
905 _aLibro
999 _c7676
_d7676